000 00489nam a2200157 4500
999 _c7527
_d7527
008 170929b xxu||||| |||| 00| 0 eng d
022 _a01181831
082 _aDPer 613.05 H34 Jul-Nov 2013
100 _922816
_aRoco, Denise.
245 _aLightweight rainy day: fashion solutions/
_cDenise Roco.
260 _aPhilippines:
_bMIMS Pte Ltd KDN,
_c©2013.
300 _apages 74-76:
_billustrations;
_c28 cm.
500 _aHealth today.
650 0 _922817
_aFashion.
942 _2ddc
_cPER